Examination of mitochondrial DNA restriction fragment length polymorphisms, DNA fingerprints and randomly amplified polymorphic DNA of Colletotrichum orbiculare (Record no. 59069)

MARC details
000 -LEADER
fixed length control field 00503nam a2200157Ia 4500
100 ## - MAIN ENTRY--AUTHOR NAME
Personal name Correll J C
245 #0 - TITLE STATEMENT
Title Examination of mitochondrial DNA restriction fragment length polymorphisms, DNA fingerprints and randomly amplified polymorphic DNA of Colletotrichum orbiculare
260 ## - PUBLICATION, DISTRIBUTION, ETC. (IMPRINT)
Name of publisher Phytopathology
Year of publication 1993
300 ## - PHYSICAL DESCRIPTION
Number of Pages 1199-1208
650 ## - SUBJECT ADDED ENTRY--TOPICAL TERM
Topical Term DNA fingerprint
650 ## - SUBJECT ADDED ENTRY--TOPICAL TERM
Topical Term RFLP
700 ## - ADDED ENTRY--PERSONAL NAME
Personal name Guerber J C
700 ## - ADDED ENTRY--PERSONAL NAME
Personal name Rhoads D D
942 ## - ADDED ENTRY ELEMENTS (KOHA)
Koha item type Journals
Holdings
Withdrawn status Lost status Damaged status Not for loan Home library Current library Shelving location Date acquired Serial Enumeration / chronology Koha item type
      Journals RRII Library RRII Library RFLP 17/12/2021 Volume 83, Issue 11 Journals